Tanečná sála, Jaslovské Bohunice

Enregistré dans:
Détails bibliographiques
Auteur principal: Ilek, Marko (Auteur)
Autres auteurs: Rolenčíková, Gabriela (Directeur de thèse)
Format: Manuscrit Livre
Langue:slovaque
Publié: Bratislava 2023
Sujets:
Accès en ligne:http://is.stuba.sk/zp/portal_zp.pl?podrobnosti=157255
Tags: Ajouter un tag
Pas de tags, Soyez le premier à ajouter un tag!

MARC

LEADER 00000ntm a22000003a 4500
001 stuzp94224
003 SK-STU
005 20231005084818.7
007 ta
008 150427s2015----xo-----f-mn---000-0-slo-d
040 |a STU  |b slo 
041 0 |a slo 
100 1 |a Ilek, Marko  |u 054140  |4 aut  |U FAD Fakulta architektúry a dizajnu  |T FAD Ústav konštrukcií v architektúre a inžinierskych stavieb  |X 104958  |U A4140  |Y 395  |7 104958 
242 0 1 |a Dance hall, Jaslovské Bohunice  |y eng 
245 1 0 |a Tanečná sála, Jaslovské Bohunice 
260 |c 2023  |a Bratislava 
650 4 |a Tanečná sála  |2 slo 
650 4 |a Jaslovské Bohunice  |2 slo 
650 4 |a Dom kultúry  |2 slo 
650 4 |a Dance hall  |2 eng 
650 4 |a Jaslovske Bohunice  |2 eng 
650 4 |a Community Center  |2 eng 
700 1 |a Rolenčíková, Gabriela  |u 054140  |k Z9  |4 ths  |U FAD Fakulta architektúry a dizajnu  |T FAD Ústav konštrukcií v architektúre a inžinierskych stavieb  |X 49516  |U A4140  |Y 395  |7 49516 
856 4 |u http://is.stuba.sk/zp/portal_zp.pl?podrobnosti=157255  |u https://opac.crzp.sk/?fn=detailBiblioForm&sid=C03CB0FBA6588971D13E23D1B6BF